| 000 | 00891nas a2200313 4500 | ||
|---|---|---|---|
| 001 | BR2012004231 | ||
| 003 | BR-BrBNA | ||
| 005 | 20231205120716.0 | ||
| 007 | ta | ||
| 008 | 230509b bl.|||p| |||| 00| 00por d | ||
| 040 |
_aBR-BrBNA _bpor _cBiblioteca Nacional de Agricultura |
||
| 041 | _a(Pt) | ||
| 072 | _aE16; U10 | ||
| 100 | 1 | _aGusso, A. | |
| 100 | 1 | _aFormaggio, A.R. | |
| 100 | 1 | _aRizzi, R. | |
| 100 | 1 | _aAdami, M. | |
| 100 | 1 | _aRudorff, B.F.T. | |
| 245 | 1 | _aSoybean crop area estimation by Modis/Evi data | |
| 650 | _aSOJA | ||
| 650 | _aESTATÍSTICA | ||
| 650 | _aMAPA | ||
| 650 | _aMÉTODO ESTATÍSTICO | ||
| 650 | _aSENSORIAMENTO REMOTO | ||
| 650 | _aRIO GRANDE DO SUL | ||
| 773 | 0 |
_tPesquisa Agropecuária Brasileira (Brazil) _xISSN 0100-204X _g(Mar 2012), v. 47(3) p. 425-435 _wBR2012004231 |
|
| 909 |
_a202311 _bLúcia _c55 _dLúcia Elande |
||
| 942 |
_2AGRIS _n0 _cANA |
||
| 999 |
_c219887 _d219887 |
||